| 000 | 00522nam a22001817a 4500 | ||
|---|---|---|---|
| 003 | OSt | ||
| 005 | 20131014160104.0 | ||
| 007 | ta | ||
| 008 | 131014b xxu||||| |||| 00| 0 eng d | ||
| 040 | _cCentre de Documentació Montserrat Roig | ||
| 100 |
_94043 _aMitterand, Henri |
||
| 245 |
_aZola Journaliste _b: de l'affaire Manet a l'affaire Dreyfus _c/ Mitterand, Henri |
||
| 260 |
_aFrançe _c1962 _bArmand Colin |
||
| 300 | _a309 p. | ||
| 490 |
_aKiosque _v20 |
||
| 654 |
_93074 _aPeriodistes _vBiografia |
||
| 942 |
_2udc _cMON |
||
| 999 |
_c6637 _d6637 |
||